• 首页
  • 本馆介绍
  • 公告通知
  • 最新文献
  • 馆藏检索
  • 电子资源
  • 读者导购
  • 参考咨询
  • 我的图书馆
  • 登录
  • 详细信息显示
  • 放入我的书架
  • 预约/预借图书
  • 作者相关作品
  • 分类相关作品
  • 丛书相关作品
  • 出版社相关作品

书目信息

  • 表格格式
  • 工作单格式
  • 卡片格式
题名:
俄罗斯宗教哲学
    
 
作者: 徐凤林
分册:  
出版信息: 北京   北京大学出版社  
页数: 521
开本: 20cm
丛书名:
单 册:
中图分类: B92
科图分类:
主题词: 宗教
电子资源:
ISBN: 7-301-10714-5
000 00479nam0 2200181 450
001 0757995392
005 20071007160635.39
010    @a7-301-10714-5@d28
100    @a20071007d km y0chiy0120 ea
101 0  @achi
200 1  @a俄罗斯宗教哲学@Ae luo si zong jiao zhe xue@f徐凤林@Fxu feng lin
210    @a北京@c北京大学出版社
215    @a521@d20cm
606 0  @a宗教
690    @aB92@v3
701  0 @a徐凤林@Axu feng lin
801  0 @aCN@bPFT@c20071007
905    @a213230@dB92@ea41@f1
    
    俄罗斯宗教哲学/徐凤林.-北京:北京大学出版社
    521;20cm
    
    
    ISBN 7-301-10714-5:28
    
●
相关链接 在E读中查询图书 在五车中查询图书 在当当中查询图书 在豆瓣中查询图书


正题名:俄罗斯宗教哲学     索取号:B92/a41         预约/预借

序号 登录号 条形码 馆藏地/架位号 状态 备注
1 7506300   275063002   史法系资料室/ [索取号:B92/a41] 在馆    
唐山师范学院图书馆 欢迎您!
大连网信软件有限公司© 版权所有